| 000 | 00733nam a2200217 a 4500 | ||
|---|---|---|---|
| 005 | 20140310183614.0 | ||
| 008 | 120830s19uu xx 00 eng d | ||
| 020 | _a9781936661862 | ||
| 050 |
_aHB 615 _b.R68 2012 |
||
| 100 | _aRoth, Carol | ||
| 245 |
_aThe entrepreneur equation : _bevaluating the realities, risks, and rewards of having your own business / _cCarol Roth. |
||
| 260 |
_aTexas, United States : _bBenBella Books, Inc, _c2012. |
||
| 300 |
_axix, 299 p. : _c22 cm. |
||
| 500 | _aIncludes bibliographical references and index | ||
| 521 | _aBSBA | ||
| 546 | _aC15291 | ||
| 650 | _aEntrepreneurship | ||
| 650 |
_aNew business enterprises _xManagement |
||
| 650 |
_aSmall business _xManagement |
||
| 942 |
_cBK _2lcc _kFOR |
||
| 999 |
_c25285 _d25285 |
||